Quel est l’intrus ? #1 - Statistiques

Statistiques générales
  • Ce quiz a été pris 471 fois
  • Le résultat moyen est 6 sur 10
Statistiques - réponses
Question Réponse % Correct
Capitales Auckland
90%
État américain Géorgie Occidentale
71%
Pays de l’UE Royaume-Uni
69%
Ville française Douvres
67%
Président français Philippe Pétain
54%
Ville nigériane Accra
49%
Langue officielle dans un pays Pendjabi
49%
Club vainqueur de la Ligue des Champions PSG
47%
Pays ayant plus de 100 millions d’habitants Canada
46%
Roi/Reine d’Angleterre Charles IV
36%
Aucun quiz correspondant
Distribution des résultats
% des personnes avec chaque résultat
Percentile par nombre de réponses
Votre historique - résultats
Vous n’avez pas pris ce quiz